000
00235nam a22000857a 4500
008
160705b xxu||||| |||| 00| 0 eng d
100
_9
2255
_a
Bloombury Books
245
_a
Dictionary of English Usage
260
_a
Lon
_b
Bloomsbury Book
_c
1994
999
_c
1942
_d
1942